Statistiche per Personaggi Di Un Professore

Clicka qui per fare il quiz!

Statistiche generali

  • Questo quiz è stato fatto 32 volte
  • Il punteggio medio è 16 su 23

Statistiche sulle risposte

HintRisposta% Corretto
Il professoreDante Balestra
100%
Studente preferito e figlio della compagna del professoreManuel Ferro
96%
La compagna del professoreAnita Ferro
89%
Il figlio del professoreSimone Balestra
89%
Un detenuto dell'Istituto Penale Minorile ed ex studente del professoreDomenico "Mimmo" Bruni
85%
(Ex) fidanzata del figlio del professoreLaura
85%
(Ex) fidanzata dello studente preferitoChicca
81%
Studentessa amica di tuttiLuna
81%
Ex moglie del professoreFloriana
78%
Uno studente vittima di bullismoGiuseppe "Pin" Palombo
78%
Il buffone della classeMatteo
78%
Una nuova studentessa polacca (2°stagione)Nina Mazur
74%
Una nuova studentessa disabile (2°stagione)Viola Brandi
67%
Nuova studentessa (1°stagione)Monica Altieri
63%
Un nuovo studente appassionato di calcio (2°stagione)Rayan
63%
Il criminale che gestisce uno sfasciacarrozze e un giro di drogaFelice "Sbarra" Proietti
59%
Ragazzo timido, innamorato della nuova studentessaGiulio Palmieri
59%
Il professore di latinoAttilio Lombardi
56%
Vecchia fiamma della compagna del professore (2°stagione)Nicola Brandi
56%
Madre del professoreVirginia Villa
56%
Il bidello della scuolaEgidio
41%
La professoressa di matematicaMarina Girolami
41%
Il professore di italianoFranco De Angelis
37%

Distribuzione punteggi

Percentile per numero di risposta

Percentuale di utenti per punteggio

I tuoi punteggi nel tempo

Non hai fatto questo quiz